000 00610nam a22001577a 4500
008 201215b ||||| |||| 00| 0 eng d
020 _a9781628370270
050 _a BS1184
_b.C76 2014
100 _aCrouch, Carly L (Carly Lorraine), |d 1982-
245 _aIsrael and the Assyrians :
_bDeuteronomy, the succession treaty of Esarhaddon, and the nature of subversion /
_c C. L. Crouch.
260 _aAtlanta :
_b SBL Press,
_c [2014]
300 _axv, 216 pages ;
_c24 cm.
500 _aIncludes bibliographical references and index.
650 _a Bible.
_xCriticism: interpretation, etc.
942 _2lcc
_cBK
999 _c55745
_d55745